000 01128cam a22003377a 4500
003 CHAP
005 20220817043329.0
008 971013s1993 r 00010 d
010 _a72149
011 _a73121
035 _a82678
040 _cCHAP
082 _a636.2
_bG33
100 0 0 _aGarcía Castillo, Ramón F.
_eed.
_945842
245 0 _aNutrición de rumiantes
_b: seminario de actualización
260 _aSaltillo, Coah. :
_bUniversidad Autónoma Agraria Antonio Narro,
_c1993
300 _a288 p.
590 _aBATCH-UPD
_b10
_c20130110
_lUCH01
_h0650
590 _aBATCH-UPD
_b10
_c20130110
_lUCH01
_h2334
590 _aBATCH-UPD
_b10
_c20130410
_lUCH01
_h0335
590 _aBATCH-UPD
_b10
_c20130914
_lUCH01
_h1431
590 _aCONVERSION
_b10
_c20130109
_lUCH01
_h1339
650 1 4 _aForrajes.
650 1 4 _aNutrición animal.
650 1 4 _aPastoreo.
_985984
650 1 4 _aRumiantes
_xNutrición.
_9100847
711 0 _aSeminario de Actualización en Nutrición de Rumiantes
_d(1993 :
_cSaltillo, Coah.)
_9104009
901 _aBK
942 _cLIBRO
949 _a636.2 G33
_bBC
_cCONG
_d-36848
_eCONG
_h86748
_i82678
_mD
_si
999 _c72149
_d72149